=LDR 00000nam 2200000 4500 =001 INLIS000000000030512 =005 20130612132641 =008 ***********************************Ind** =035 ##$$0010-061300000030512 =041 ##$$a Ind =082 ##$$a 590 =090 ##$$a 590, Bro w =100 ##$$a Cook, Peter =245 ##$$a Why animals show off, Peter Cook =260 ##$$a 2005 $b Jakarta =300 ##$$a 28 hlm, ilus, 28 cm =850 ##$$a NBPNMAT